000 00483nam a22001697a 4500
999 _c107678
_d107678
005 20180924103547.0
008 180924b ||||| |||| 00| 0 eng d
020 _a9789695173503
040 _cPK-LaUMT
082 _a891.4393
_bTAN-M
100 _aTanzeela Riaz = تنزیلہ ریاض
245 _aMarg-e-barg = مرگ برگ/
_cTanzeela Riaz = تنزیلہ ریاض
260 _aLahore :
_bAli Mian Publications,
_c2016
300 _a239 p.
546 _aUrdu
942 _cBK